|
|
|
|
| LEADER |
00000nam0a2200000 4500 |
| 001 |
670995 |
| 005 |
20240228164715.0 |
| 090 |
|
|
|a 670995
|
| 100 |
|
|
|a 20240228d1967 k||y0rusy5003 ca
|
| 101 |
0 |
|
|a rus
|
| 102 |
|
|
|a RU
|
| 105 |
|
|
|a a f z 001yy
|
| 181 |
|
0 |
|a i
|b e
|
| 182 |
|
0 |
|a n
|
| 183 |
|
0 |
|a nc
|2 RDAcarrier
|
| 200 |
1 |
|
|a Разработка и эксплуатация нефтяных месторождений
|f Уфимский нефтяной институт : ред. Девликамов В. В., Коробов К. Я., Шевкунов Е. Н.
|
| 203 |
|
|
|a Текст
|b визуальный
|c непосредственный
|
| 210 |
|
|
|a Москва
|c Недра
|d 1967
|
| 215 |
|
|
|a 67 с.
|c ил.
|
| 225 |
1 |
|
|a Труды Уфимского нефтяного института
|v Вып. 4
|
| 283 |
|
|
|a volume
|2 RDAcarrier
|
| 320 |
|
|
|a Библиогр. в конце ст.
|
| 606 |
1 |
|
|a Нефтяная гидродинамика
|2 stltpush
|3 (RuTPU)RU\TPU\subj\45908
|9 65097
|
| 610 |
1 |
|
|a Башкирия
|
| 610 |
1 |
|
|a нефтяные месторождения
|
| 610 |
1 |
|
|a разработка
|
| 610 |
1 |
|
|a генеральная схема
|
| 610 |
1 |
|
|a нефтенасыщенные песчаники
|
| 610 |
1 |
|
|a проницаемость
|
| 610 |
1 |
|
|a регулирующие скважины
|
| 610 |
1 |
|
|a скважинное давление
|
| 610 |
1 |
|
|a дифференциальные уравнения
|
| 610 |
1 |
|
|a решение задач
|
| 610 |
1 |
|
|a теория фильтрации
|
| 610 |
1 |
|
|a нефтеотдача
|
| 610 |
1 |
|
|a прогнозирование
|
| 610 |
1 |
|
|a фотоколориметрические исследования
|
| 610 |
1 |
|
|a светопоглощение
|
| 610 |
1 |
|
|a угленосные толщи
|
| 610 |
1 |
|
|a совместная эксплуатация
|
| 610 |
1 |
|
|a раздельная эксплуатация
|
| 610 |
1 |
|
|a производительность
|
| 675 |
|
|
|a 622.276:532
|z rus
|
| 702 |
|
|
|4 340
|a Девликамов
|b В. В.
|
| 702 |
|
|
|4 340
|a Коробов
|b К. Я.
|
| 702 |
|
|
|4 340
|a Шевкунов
|b Е. И.
|
| 712 |
0 |
2 |
|a Уфимский нефтяной институт
|c (1948-1993)
|3 (RuTPU)RU\TPU\col\11359
|9 25064
|
| 801 |
|
0 |
|a RU
|b 63413507
|c 20240228
|g psbo
|
| 801 |
|
1 |
|a RU
|b 63413507
|c 20240228
|g PSBO
|
| 801 |
|
2 |
|a RU
|b 63413507
|c 20240228
|g PSBO
|
| 850 |
|
|
|a 63413507
|
| 942 |
|
|
|c CR
|